| 000 | 01758nam a2200397 c 4500 | ||
|---|---|---|---|
| 999 |
_c346772 _d346772 |
||
| 003 | BLK | ||
| 005 | 20250723172500.0 | ||
| 008 | 180409b bul|||||r ||||||| ||bul|| | ||
| 010 | _aKNG00101465000 | ||
| 020 | _a9789544466213 | ||
| 040 | _aBLK | ||
| 041 |
_aBUL _cBUL |
||
| 080 |
_aАнглийска литература _b821.111 _x-93-31 _z821.111-93-31 |
||
| 100 |
_aРоулинг, Джоан Катлийн _d1965- _9271457 |
||
| 139 |
_aРоулинг, Джоан К. _bР 87 |
||
| 245 | 1 | 0 |
_aХари Потър и Огненият бокал _bРоман за деца _cДжоан К. Роулинг; прев. от англ. Мариана Христова Мелнишка. |
| 257 | _aGBR | ||
| 260 |
_bЕгмонт България _c2019 _fПловдив : Полиграфия |
||
| 300 |
_a632 с. _c22 см |
||
| 380 | _aDX | ||
| 500 | _aОриг. загл. Harry Potter and the Goblet of fire / Joanne Rowling. Романът е продълж. на кн. Хари Потър и философският камък ; Хари Потър и стаята на тайните ; Хари Потър и затворникът от Азкабан. | ||
| 653 | _aХари Потър | ||
| 653 | _aромани | ||
| 653 | _aлитература за деца | ||
| 653 | _aдетска литература | ||
| 700 | 1 |
_aМелнишка, Мариана Христова _eпрев. от англ. _gЕкимова-Мелнишка, Мариана Христова _9366842 |
|
| 856 | 4 | _qpdf | |
| 856 | 4 | _qpdf | |
| 942 |
_cKNG _n0 _0166 _s1 |
||
| 944 |
_aCR _c01.01.2002 _k30564 _lАнна Гръцманова |
||
| 944 |
_aED _c22.05.2012 |
||
| 999 | _d346772 | ||
| 999 | _d346772 | ||
| 999 | _d96565 | ||
| 999 | _d96565 | ||